Rechtsgrundlagen der territorialgewalt: landesobrigkeit, herrschaftsrechte und territorium in der rechtswissenschaft der neuzeit
Saved in:
| Hovedforfatter: | |
|---|---|
| Format: | Bog |
| Sprog: | tysk |
| Udgivet: |
Heidelberg
Böhlau Verlag Köln Wien
1975
|
| Udgivelse: | 1a. ed |
| Serier: | Forschngen zur Deutschen Rechtsgeschichte, 11
|
| Fag: | |
| Tags: |
Tilføj Tag
Ingen Tags, Vær først til at tagge denne postø!
|
MARC
| LEADER | 00000cam a2200000 a 4500 | ||
|---|---|---|---|
| 001 | UCD4118 | ||
| 003 | CL-VaPUC | ||
| 008 | 160623e19750000gw |||||||||||||||||ger|d | ||
| 020 | |a 3412209759 | ||
| 082 | 0 | 4 | |a 340.9 |b WIL |2 21 |
| 100 | 0 | |a Willoweit, Dietmar |e author |9 587736 | |
| 245 | 1 | 0 | |a Rechtsgrundlagen der territorialgewalt: landesobrigkeit, herrschaftsrechte und territorium in der rechtswissenschaft der neuzeit |
| 250 | |a 1a. ed | ||
| 300 | |a 378 p | ||
| 942 | |c BK | ||
| 945 | |d 20160623 20:48:00 |a arojas | ||
| 260 | |a Heidelberg |b Böhlau Verlag Köln Wien |c 1975 | ||
| 650 | 0 | |a Estado y derecho |9 255403 | |
| 650 | 0 | |a Jurisprudencia |9 255952 | |
| 650 | 0 | |a Soberanía |9 266726 | |
| 583 | |a last modification |c 20160623 20:48:00 |k Rodrigo Vera | ||
| 490 | 0 | |a Forschngen zur Deutschen Rechtsgeschichte, 11 | |
| 999 | |c 365063 |d 365061 | ||
| 952 | |0 0 |1 0 |3 erb |4 0 |6 340_900000000000000_WIL_1975 |7 0 |8 A |9 478761 |a FDOHBE |b FDOHBE |e Huesbe Llanos, Marco Antonio, 1934- |i 5333903 |o 340.9 WIL 1975 |p 5333903 |r 2024-01-30 |w 2019-11-24 |y BK |z Catalogado en:20160623 |k HBE | ||